00374nam a2200121Ia 4500008004100000245006300041260004500104260000900149300000800158500001100166650001300177856006200190170516s9999 xx 000 0 und d aProgress involving new techniques for liposome preparation bAsian Journal of Pharmaceutical Sciences c2014 a9:4 aAugust xPharmacy uhttp://www.sciencedirect.com/science/journal/18180876/9/4